[Event "Abierto Legislatura Norberto La Porta in memoriam"]
[Site "Buenos Aires, ARG"]
[Date "2009.04.15"]
[Round "8.27"]
[White "Bertaccini, Daniel"]
[Black "Vigil, Lucas"]
[Result "1-0"]
[WhiteElo "2160"]
[BlackElo "1978"]

1. e4 c5 2. Nc3 g6 3. g3 Bg7 4. Bg2 Nc6 5. d3 d6 6. Nge2 e6 7. O-O Nge7 8.
Rb1 O-O 9. Be3 Nd4 10. b4 Nxe2+ 11. Nxe2 cxb4 12. Rxb4 d5 13. Bc5 b6 14. Bxe7
Qxe7 15. Qb1 dxe4 16. dxe4 Ba6 17. c4 Rfc8 18. Rc1 Bf8 19. Ra4 Bb7 20. e5 Bxg2
21. Kxg2 Qd7 22. Qb3 b5 23. cxb5 Rxc1 24. Nxc1 Qd2 25. Qf3 Qc2 26. Nb3 Qc8
27. b6 Rb8 28. Rxa7 f5 29. Rc7 Qa6 30. b7 Qb6 31. Rd7 Qb5 32. Rc7 Qb6 33. Qc6
Qxc6+ 34. Rxc6 Rxb7 35. Rxe6 Ra7 36. Nc1 Bh6 37. Rc6 Bxc1 38. Rxc1 Rxa2 39.
Kf3 Ra3+ 40. Kf4 Ra2 41. Kg5 Kf7 42. Rc7+ Ke6 43. Rxh7 Rxf2 44. Kxg6 f4 45. g4
Rg2 46. g5 f3 47. h4 Rg4 48. Rf7 Rxh4 49. Rxf3 Kxe5 50. Kg7 Ke6 51. g6 Rg4
52. Kh7 Rg1 53. g7 Rh1+ 54. Kg8 Ke7 55. Rf4 Rb1 56. Rf7+ Ke8 57. Rf5 Ke7 58.
Kh7 Rh1+ 59. Kg6 Rg1+ 60. Kh7 Rh1+ 61. Kg8 Rb1 62. Rf4 Rb2 63. Rh4 Kf6 64. Kh8
1-0

[Event "Abierto Legislatura Norberto La Porta in memoriam"]
[Site "Buenos Aires, ARG"]
[Date "2009.04.15"]
[Round "8.28"]
[White "Perelman, Hernan"]
[Black "Pineiro, Dario"]
[Result "1-0"]
[WhiteElo "2326"]
[BlackElo "1949"]

1. d4 Nf6 2. Nf3 g6 3. Bf4 Bg7 4. e3 d6 5. h3 O-O 6. Be2 Nbd7 7. O-O Qe8 8.
Bh2 e5 9. c4 Qe7 10. Nc3 c6 11. Rc1 Ne8 12. Qb3 Kh8 13. Qa3 f5 14. dxe5 Nxe5
15. Rfd1 Qf7 16. Na4 Be6 17. Ng5 Qf6 18. Nxe6 Qxe6 19. Nb6 Rd8 20. Qxa7 Rf7
21. Rd2 Nf6 22. Rcd1 Ne4 23. Rc2 Bh6 24. Qa5 Rdf8 25. Rxd6 Nxd6 26. Qxe5+ Qxe5
27. Bxe5+ Rf6 28. Nd7 1-0

[Event "Abierto Legislatura Norberto La Porta in memoriam"]
[Site "Buenos Aires, ARG"]
[Date "2009.04.15"]
[Round "8.29"]
[White "Godoy, Luciano"]
[Black "Meza, Hugo"]
[Result "1-0"]
[WhiteElo "2117"]
[BlackElo "2315"]

1. e4 c5 2. f4 d5 3. exd5 Qxd5 4. Nc3 Qd8 5. Nf3 Nf6 6. Ne5 e6 7. Qf3 Be7 8.
b3 O-O 9. Bb2 Nbd7 10. O-O-O Nxe5 11. fxe5 Nd7 12. Ne4 Qc7 13. Qh5 b6 14.
Nf6+ Nxf6 15. exf6 Bxf6 16. Bxf6 gxf6 17. Bd3 Rd8 18. Qxh7+ Kf8 19. Rde1 Ke7 20.
Rhf1 Qd6 21. Rxf6 Rf8 22. Ref1 Qd4 23. c3 1-0

[Event "Abierto Legislatura Norberto La Porta in memoriam"]
[Site "Buenos Aires, ARG"]
[Date "2009.04.15"]
[Round "8.30"]
[White "Mayorga, Nicolas"]
[Black "Semprevivo, Marcelo"]
[Result "1-0"]
[WhiteElo "2306"]
[BlackElo "2116"]

1. e4 e5 2. Nc3 Bc5 3. g3 Ne7 4. Bg2 O-O 5. Nf3 Nbc6 6. Nxe5 Nxe5 7. d4 Bxd4
8. Qxd4 d6 9. f4 c5 10. Qf2 Ng4 11. Qe2 d5 12. h3 Nf6 13. e5 Nc6 14. O-O Nd4
15. Qf2 Ne4 16. Nxe4 dxe4 17. Rd1 Qa5 18. Bxe4 Bxh3 19. Be3 Bg4 20. Rd2 Nf5
21. Bxc5 Nxg3 22. Bxb7 Rad8 23. b4 Qa3 24. Bxf8 Qc3 25. Rxd8 Qxa1+ 26. Kh2
Nf1+ 27. Qxf1 1-0

[Event "Abierto Legislatura Norberto La Porta in memoriam"]
[Site "Buenos Aires, ARG"]
[Date "2009.04.15"]
[Round "8.31"]
[White "Olivera, Horacio"]
[Black "Romano, Oscar"]
[Result "1-0"]
[WhiteElo "2257"]
[BlackElo "2114"]

1. c4 c6 2. e4 d5 3. exd5 cxd5 4. d4 Nf6 5. Nc3 Nc6 6. Bg5 dxc4 7. d5 Ne5 8.
Qd4 Ned7 9. Bxc4 g6 10. Nf3 Bg7 11. O-O O-O 12. Qd2 Nb6 13. Bb3 Bf5 14. Rfe1
Rc8 15. Rad1 Bg4 16. Qf4 Bxf3 17. Qxf3 h6 18. Bc1 Nc4 19. Qe2 Na5 20. Qxe7
Nxb3 21. Qxd8 Rfxd8 22. axb3 Ne8 23. Rd3 Nd6 24. Bf4 Bf8 25. Bxd6 Bxd6 26. g3
Kf8 27. Kg2 a6 28. f4 Rc7 29. Kf3 Rcd7 30. g4 Bb4 31. Red1 Rc8 32. f5 gxf5 33.
gxf5 Bd6 34. R1d2 b5 35. Ne4 Rc1 36. Nxd6 Rxd6 37. Rd1 Rc2 38. R3d2 Rc7 39.
Kf4 Re7 40. Rc1 Ke8 41. Rc8+ Rd8 42. Rc6 Re1 43. Rxh6 Kd7 44. Kg5 Re3 45.
Rxa6 Rxb3 46. d6 Rf3 47. Re2 f6+ 48. Kxf6 Rb8 49. Re7+ Kd8 50. Rh7 Re3 51. Rh8+
Re8 52. Rxe8+ Kxe8 53. Ke6 b4 54. d7+ Kf8 55. Rc6 1-0

[Event "Abierto Legislatura Norberto La Porta in memoriam"]
[Site "Buenos Aires, ARG"]
[Date "2009.04.15"]
[Round "8.32"]
[White "Juliarena, Agustin"]
[Black "Ambrogi, Agustin"]
[Result "0-1"]
[WhiteElo "2112"]
[BlackElo "2255"]

1. d4 Nf6 2. Nf3 d5 3. Bf4 e6 4. e3 Bd6 5. Bd3 c5 6. dxc5 Bxf4 7. exf4 Qc7 8.
Ne5 Nbd7 9. O-O Nxe5 10. fxe5 Qxe5 11. Na3 O-O 12. Rb1 a5 13. Nb5 Bd7 14.
Re1 Qf4 15. Nd6 b6 16. b4 Ng4 17. Qf3 Qxh2+ 18. Kf1 axb4 19. Qxg4 bxc5 20. g3
c4 21. Nxc4 dxc4 22. Qxc4 Rfc8 23. Qh4 Qxh4 24. gxh4 Rxa2 25. Rxb4 Ba4 26. Re2
g6 27. c4 Ra3 28. Be4 Bb3 29. Re3 Ra1+ 30. Kg2 Bxc4 31. h5 Kg7 32. hxg6 hxg6
33. Kg3 Rg1+ 34. Kf4 Rc1 35. Ra3 Rc7 36. Ke3 Re1+ 37. Kf3 f5 38. Bd3 Bd5+
39. Kg3 Rg1+ 0-1

[Event "Abierto Legislatura Norberto La Porta in memoriam"]
[Site "Buenos Aires, ARG"]
[Date "2009.04.15"]
[Round "8.33"]
[White "Vazquez, Maximiliano"]
[Black "Rago, Sergio"]
[Result "1/2-1/2"]
[WhiteElo "2112"]
[BlackElo "2250"]

1. d4 Nf6 2. c4 b6 3. Nc3 Bb7 4. f3 e6 5. e4 d6 6. Bd3 Be7 7. Nge2 O-O 8. Be3
Nfd7 9. O-O Nc6 10. Qd2 Nb4 11. Bb1 a5 12. a3 Na6 13. b3 h6 14. g3 e5 15. d5
Nf6 1/2-1/2

[Event "Abierto Legislatura Norberto La Porta in memoriam"]
[Site "Buenos Aires, ARG"]
[Date "2009.04.15"]
[Round "8.35"]
[White "Malbran, Guillermo"]
[Black "Paniagua Chnelik, Sebastian"]
[Result "1/2-1/2"]
[WhiteElo "2238"]
[BlackElo "2098"]

1. e4 e5 2. Nf3 Nc6 3. Bb5 a6 4. Bxc6 dxc6 5. O-O f6 6. d4 Bg4 7. dxe5 Qxd1
8. Rxd1 fxe5 9. Nbd2 O-O-O 10. Re1 Bd6 11. h3 Bh5 12. g4 Bf7 13. Nf1 h5 14.
Bg5 Nf6 15. N3h2 hxg4 16. hxg4 Be6 17. Kg2 Rh7 18. Bxf6 gxf6 19. Ng3 Bc5 20.
Rad1 Rhd7 21. Rxd7 Rxd7 22. a3 a5 23. Ngf1 Kb8 24. Ne3 Bd4 25. c3 Bc5 26. Rd1
Bxe3 27. Rxd7 Bxd7 28. fxe3 Ka7 29. Kg3 c5 30. Nf3 Kb6 31. Nd2 Kc6 32. Kh4 b5
33. g5 fxg5+ 34. Kxg5 Kd6 35. Kf6 Bg4 36. b4 axb4 37. axb4 cxb4 38. cxb4 Bd1
39. Nb1 c5 40. Nc3 Ba4 41. bxc5+ Kxc5 42. Kxe5 Bc2 43. Nxb5 Kxb5 44. Kd5 Kb6
45. e5 Kc7 46. Ke6 Kd8 47. Kf7 Bb3+ 48. e6 Bc4 49. e4 Bb3 50. e5 Bd5 51. Kf8
Bxe6 1/2-1/2

[Event "Abierto Legislatura Norberto La Porta in memoriam"]
[Site "Buenos Aires, ARG"]
[Date "2009.04.15"]
[Round "8.37"]
[White "Gargiulo, Lucas"]
[Black "Blanco, Marcos"]
[Result "1-0"]
[WhiteElo "2225"]
[BlackElo "2062"]

1. d4 Nf6 2. c4 e6 3. Nf3 b6 4. a3 Bb7 5. Nc3 d6 6. d5 e5 7. e4 g6 8. g3 Bg7
9. Bh3 Nbd7 10. O-O O-O 11. b4 Qe7 12. Qc2 c5 13. dxc6 Bxc6 14. Be3 Nxe4 15.
Nxe4 f5 16. Bg5 Qe8 17. Nxd6 Qe6 18. Nb5 Bxf3 19. Nc7 Qc6 20. Nxa8 Rxa8 21.
c5 bxc5 22. Rac1 Rc8 23. bxc5 Nf8 24. Qc4+ Bd5 25. Bg2 Bxc4 26. Bxc6 Bxf1 27.
Bd5+ Kh8 28. Kxf1 e4 29. Bf4 g5 30. Bd6 h6 31. Bb7 Re8 32. c6 1-0

[Event "Abierto Legislatura Norberto La Porta in memoriam"]
[Site "Buenos Aires, ARG"]
[Date "2009.04.15"]
[Round "8.44"]
[White "Lodi, Guillermo"]
[Black "Ferrara, Alexis"]
[Result "0-1"]
[WhiteElo "2056"]
[BlackElo "2196"]

1. e4 c5 2. Nf3 e6 3. d4 cxd4 4. Nxd4 Qb6 5. Nc3 Bc5 6. Na4 Qa5+ 7. c3 Bxd4
8. Qxd4 Nf6 9. f3 Nc6 10. Qc4 d5 11. exd5 exd5 12. Qb5 Qc7 13. Nc5 O-O 14. Be2
d4 15. O-O dxc3 16. bxc3 a6 17. Qc4 b5 18. Qd3 Rd8 19. Qc2 Nd5 20. Kh1 b4
21. cxb4 Ncxb4 22. Qc4 Bf5 23. Bb2 Rac8 24. Qd4 f6 25. Nxa6 Qe7 26. Bb5 Nc2 27.
Qg1 Nxa1 28. Rxa1 Nb4 29. a4 Nd3 30. Bd4 Rc2 31. Bb6 Rd5 32. Bd4 Qd6 33. Ba7
Bc8 34. Nb8 Bh3 35. gxh3 Rg5 36. Na6 Rxg1+ 37. Bxg1 Qd5 0-1

[Event "Abierto Legislatura Norberto La Porta in memoriam"]
[Site "Buenos Aires, ARG"]
[Date "2009.04.16"]
[Round "9.01"]
[White "Flores, Diego"]
[Black "Cubas, Jose Fernando"]
[Result "1-0"]
[WhiteElo "2585"]
[BlackElo "2434"]

1. Nf3 d5 2. c4 c6 3. e3 Nf6 4. Nc3 a6 5. h3 e6 6. d4 c5 7. cxd5 exd5 8. Bd3
Nc6 9. O-O Bd6 10. dxc5 Bxc5 11. e4 d4 12. Ne2 Be6 13. a3 O-O 14. e5 Nd7 15.
Ng5 Ncxe5 16. Bxh7+ Kh8 17. Nf4 g6 18. Nfxe6 fxe6 19. Bxg6 Nxg6 20. Qh5+ Kg7
21. Nxe6+ 1-0

[Event "Abierto Legislatura Norberto La Porta in memoriam"]
[Site "Buenos Aires, ARG"]
[Date "2009.04.16"]
[Round "9.02"]
[White "Goldwaser, Christian"]
[Black "Valerga, Diego"]
[Result "1/2-1/2"]
[WhiteElo "2361"]
[BlackElo "2523"]

1. Nf3 d5 2. d4 Nf6 3. c4 c6 4. Nc3 e6 5. Bg5 h6 6. Bh4 dxc4 7. e4 g5 8. Bg3
b5 9. Be2 Bb7 10. O-O Nbd7 11. Ne5 h5 12. Nxd7 Qxd7 13. Be5 Rh6 14. f4 g4 15.
Qc2 Qe7 16. b3 cxb3 17. Qxb3 a6 18. f5 Nd7 19. Bf4 e5 20. Bxh6 Bxh6 21. d5
Nf6 22. Rad1 cxd5 23. exd5 Qc5+ 24. Kh1 Rc8 25. Na4 Qa7 26. Qb2 Qb8 27. Nc3
Qc7 28. Bxb5+ 1/2-1/2

[Event "Abierto Legislatura Norberto La Porta in memoriam"]
[Site "Buenos Aires, ARG"]
[Date "2009.04.16"]
[Round "9.03"]
[White "Tristan, Leonardo"]
[Black "Rodriguez Vila, Andres"]
[Result "1-0"]
[WhiteElo "2393"]
[BlackElo "2524"]

1. e4 e5 2. Nf3 Nc6 3. Bb5 a6 4. Ba4 Nf6 5. d3 b5 6. Bb3 Be7 7. O-O O-O 8. a4
b4 9. Nbd2 d5 10. exd5 Nxd5 11. Re1 Bg4 12. h3 Bh5 13. g4 Bg6 14. Nxe5 Nxe5
15. Rxe5 c6 16. Nc4 Qc7 17. Qf3 f5 18. g5 Kh8 19. Bd2 f4 20. Rae1 Bc5 21. Re6
Bf5 22. Rxc6 Qxc6 23. Ne5 Bxf2+ 24. Qxf2 Qb7 25. g6 Rf6 26. Qd4 Be6 27. Nf7+
Bxf7 28. gxf7 Ne3 29. Bd5 Qd7 30. Bxe3 fxe3 31. Qxe3 Rg6+ 32. Kh2 Rf8 33.
Qe8 Qd6+ 34. Re5 1-0

[Event "Abierto Legislatura Norberto La Porta in memoriam"]
[Site "Buenos Aires, ARG"]
[Date "2009.04.16"]
[Round "9.04"]
[White "Slipak, Sergio"]
[Black "Filgueira, Hernan"]
[Result "1-0"]
[WhiteElo "2446"]
[BlackElo "2354"]

1. Nf3 d5 2. b3 Bg4 3. e3 e6 4. Bb2 Nd7 5. h3 Bh5 6. d3 c6 7. Nbd2 f6 8. Be2
Bf7 9. e4 Bb4 10. O-O Ne7 11. a3 Bd6 12. d4 Ng6 13. Re1 O-O 14. Bf1 Be7 15.
c4 dxc4 16. Nxc4 b5 17. Ne3 a6 18. g3 Re8 19. h4 Ngf8 20. Qc2 Rc8 21. b4 Nb6
22. Nd2 Na4 23. Nb3 Nd7 24. Bh3 Bd6 {Planilla Ilegible} 1-0

[Event "Abierto Legislatura Norberto La Porta in memoriam"]
[Site "Buenos Aires, ARG"]
[Date "2009.04.16"]
[Round "9.05"]
[White "Szmetan, Jorge"]
[Black "Rodriguez, Jorge Luis"]
[Result "0-1"]
[WhiteElo "2374"]
[BlackElo "2393"]

1. Nf3 Nf6 2. c4 e6 3. g3 a6 4. Nc3 d5 5. cxd5 exd5 6. d4 Bd6 7. Bg2 c6 8.
O-O O-O 9. Bf4 Bxf4 10. gxf4 Nbd7 11. Ne5 Ne8 12. Na4 Nd6 13. e3 Nf6 14. Rc1
Bf5 15. Nc5 Rc8 16. Qb3 Rc7 17. Qb4 Nfe8 18. a4 Qh4 19. f3 Re7 20. e4 Bc8 21.
Ned3 Nc4 22. Rxc4 dxc4 23. Qxc4 Nf6 24. Qb4 Nh5 25. f5 g6 26. fxg6 hxg6 27. f4
Bh3 28. Rf3 Bxg2 29. Kxg2 Nf6 30. Ne5 Ng4 31. h3 Nxe5 32. fxe5 Rd8 33. a5
Qg5+ 34. Rg3 Qc1 35. h4 Qf4 36. h5 g5 37. h6 Rxe5 38. h7+ Kh8 39. Qxb7 Rxc5 0-1

[Event "Abierto Legislatura Norberto La Porta in memoriam"]
[Site "Buenos Aires, ARG"]
[Date "2009.04.16"]
[Round "9.06"]
[White "Schweber, Samuel"]
[Black "Perez Ponsa, Federico"]
[Result "0-1"]
[WhiteElo "2349"]
[BlackElo "2389"]

1. Nf3 Nf6 2. g3 g6 3. Bg2 Bg7 4. O-O O-O 5. d4 d6 6. c4 Nc6 7. Nc3 a6 8. d5
Na5 9. Nd2 c5 10. Qc2 Rb8 11. b3 b5 12. Bb2 bxc4 13. bxc4 Bh6 14. f4 Ng4 15.
Nd1 Rxb2 16. Qxb2 Bg7 17. Qc1 e5 18. dxe6 Bxe6 19. Rb1 Re8 20. h3 Bd4+ 21.
Kh1 Ne3 22. Nxe3 Bxe3 23. Rf3 Nxc4 24. Rxe3 Nxe3 25. Ne4 Nf5 26. Qc3 Nd4 27. e3
Bf5 28. exd4 Bxe4 29. Bxe4 Rxe4 30. dxc5 dxc5 31. Rb2 c4 32. Kh2 Qe8 33. Qf3
Re3 34. Qg2 c3 35. Rf2 Rd3 36. h4 Qe3 37. Kh3 Rd2 38. Qa8+ Kg7 39. Rf3 Qe2
0-1

[Event "Abierto Legislatura Norberto La Porta in memoriam"]
[Site "Buenos Aires, ARG"]
[Date "2009.04.16"]
[Round "9.07"]
[White "Paveto, Kevin"]
[Black "Real De Azua, Ernesto"]
[Result "0-1"]
[WhiteElo "2057"]
[BlackElo "2446"]

1. e4 c5 2. Nf3 Nc6 3. d4 cxd4 4. Nxd4 Nf6 5. Nc3 d6 6. Be2 e5 7. Nf3 h6 8.
O-O Be7 9. h3 O-O 10. Re1 a6 11. a4 Be6 12. Bf1 Rc8 13. Nd5 Bxd5 14. exd5 Nb4
15. c4 a5 16. Qb3 Nd7 17. Bd2 Nc5 18. Qd1 f5 19. Bxb4 axb4 20. b3 Bf6 21. Rb1
Qb6 22. Re2 Ne4 23. Qc2 Ng3 24. Re3 e4 25. Nd2 Nh5 26. g4 fxg4 27. Qxe4 Bh4
28. c5 Bxf2+ 29. Kh1 Qxc5 30. Rd3 Nf4 31. hxg4 Rce8 32. Qc4 Nxd3 33. Qxd3 Be1
34. Rb2 Qf2 0-1

[Event "Abierto Legislatura Norberto La Porta in memoriam"]
[Site "Buenos Aires, ARG"]
[Date "2009.04.16"]
[Round "9.08"]
[White "Nedilski, Diego"]
[Black "Mareco, Sandro"]
[Result "0-1"]
[WhiteElo "2290"]
[BlackElo "2512"]

1. d4 Nf6 2. c4 e6 3. Nf3 b6 4. Nc3 Bb7 5. a3 d5 6. cxd5 Nxd5 7. Qc2 Be7 8.
e4 Nxc3 9. bxc3 O-O 10. Bd3 c5 11. O-O Qc7 12. Qe2 Nd7 13. a4 Rfd8 14. Rd1 Nf8
15. Be3 Rac8 16. h4 cxd4 17. cxd4 Bb4 18. h5 h6 19. Rac1 Qe7 20. Ne5 Nh7 21.
Ng4 Kh8 22. Bb1 Bc6 23. d5 Bxa4 24. Rxc8 Rxc8 25. Rd4 Be8 26. e5 exd5 27.
Qd3 Nf8 28. Nxh6 Rc3 29. Qf5 Rxe3 30. fxe3 Bc5 31. Ng4 Bd7 32. Qf3 Bxd4 33.
exd4 Qb4 34. Qxf7 Qxb1+ 35. Kh2 Qf5 36. Nf6 gxf6 37. Qxf8+ Kh7 38. exf6 Qf4+ 39.
Kg1 Qxd4+ 40. Kh2 Qf4+ 41. Kg1 Qc1+ 42. Kh2 Qc7+ 43. g3 Be6 44. h6 Qf7 45.
Qd8 Kxh6 46. g4 Kg6 47. Kg3 Qxf6 48. Qe8+ Bf7 0-1

[Event "Abierto Legislatura Norberto La Porta in memoriam"]
[Site "Buenos Aires, ARG"]
[Date "2009.04.16"]
[Round "9.09"]
[White "Wisniacki, Flavio"]
[Black "Diaz Hollemaert, Nahuel"]
[Result "0-1"]
[WhiteElo "2297"]
[BlackElo "2443"]

1. c4 e5 2. g3 Nc6 3. Bg2 d6 4. Nc3 f5 5. d3 Nf6 6. e4 g6 7. Nge2 Bg7 8. O-O
O-O 9. f4 Be6 10. Nd5 Qd7 11. Kh1 Rae8 12. fxe5 dxe5 13. Be3 Nh5 14. exf5
Bxf5 15. Qd2 Nd4 16. Ng1 c6 17. Nc3 Nf6 18. h3 h5 19. Rae1 Rd8 20. Rd1 Rf7 21.
Bg5 Ne6 22. Bxf6 Bxf6 23. Ne4 Be7 24. Qe3 Qd4 25. Qe2 Qb6 26. Nf3 Nd4 27. Nxd4
Qxd4 28. g4 hxg4 29. Kh2 gxh3 30. Bf3 Rdf8 31. Kh1 Rg7 32. b3 Qd7 33. Rg1
Be6 34. Bg4 Rf4 35. Bxe6+ Qxe6 36. Qe3 Qf5 37. Rg3 g5 38. Qxa7 g4 39. Rdg1 Bh4
40. Re3 Rf3 41. Nd6 Qf8 42. Re4 Bf2 43. Qa5 Bxg1 44. Qxe5 Rf1 45. Qe6+ Kh7
0-1

[Event "Abierto Legislatura Norberto La Porta in memoriam"]
[Site "Buenos Aires, ARG"]
[Date "2009.04.16"]
[Round "9.10"]
[White "Mayo, Raul"]
[Black "Dos Santos, Ramiro"]
[Result "0-1"]
[WhiteElo "2170"]
[BlackElo "2441"]

1. d4 Nf6 2. c4 g6 3. Nf3 Bg7 4. Nc3 d5 5. Qb3 dxc4 6. Qxc4 O-O 7. e4 Nc6 8.
Bf4 Nh5 9. Be3 e5 10. O-O-O exd4 11. Nxd4 Nxd4 12. Bxd4 Be6 13. Qa4 Qg5+ 14.
Kb1 Bxd4 15. Rxd4 Qf6 16. Be2 Qxf2 17. Bxh5 gxh5 18. Qd1 Bg4 19. Qd2 Qxd2 20.
Rxd2 Rad8 21. Kc1 c6 22. Rf1 Rxd2 23. Kxd2 f6 24. Ke3 Kg7 25. h4 Re8 26. Kf4
Kf7 27. Rf2 Ke6 28. Rd2 Rg8 29. g3 Ke7 30. b4 Be6 31. a4 a5 32. b5 cxb5 33.
axb5 Rd8 34. Rxd8 Kxd8 35. e5 fxe5+ 36. Kxe5 Bb3 37. Kd6 a4 38. Nb1 Ke8 39.
b6 Kf7 40. Kc7 Bd5 41. Kd6 Be4 42. Na3 Kf6 43. Kc5 Kf5 44. Kb4 Kg4 45. Kxa4
Kxg3 46. Nc4 Kxh4 47. Kb4 Kg3 48. Kc3 h4 49. Ne3 Bc6 0-1